000 00869nam a2200241 i 4500
001 58304
003 ES-MaACL
005 20231228173418.0
007 t|
008 031021s1983 sp ||||1| spa d
100 1 _aDurán Muñoz, García.
_946230
245 1 0 _aCajal /
_cGarcía Durán Muñoz, Francisco Alonso Burón ; prólogo, Pedro Laín ; epílogo, Severo Ochoa.
250 _a2ª ed.
260 _aBarcelona :
_bCientífico Médica,
_c[1983]
300 _a2 v. ;
_c22 cm.
505 8 _aContiene: V. I: Vida y Obra. -- V. II: Santiago Ramón y Cajal : escritos inéditos
600 1 4 _aOchoa, Severo,
_d1905-1993
_986482
700 1 _aAlonso Burón, Francisco.
_920267
700 1 _aLaín Entralgo, Pedro,
_d1908-2001
_969681
700 1 _aOchoa, Severo,
_d1905-1993
_986482
852 _aES-MaACL
_jL-4819-20
_bR.105454
999 _c58304
_d58304